Atlantoaxial Fixation Techniques Commonly Used and New Techniques /

This book introduces posterior atlantoaxial fixation techniques and their biomechanical stability and clinical outcomes. Based on the full review of established techniques, authors discusses their advantages and disadvantages. Furthermore, the author discusses how to use the basic theories of transl...

Πλήρης περιγραφή

Λεπτομέρειες βιβλιογραφικής εγγραφής
Συγγραφή απο Οργανισμό/Αρχή: SpringerLink (Online service)
Άλλοι συγγραφείς: Ni, Bin (Επιμελητής έκδοσης, http://id.loc.gov/vocabulary/relators/edt), Guo, Xiang (Επιμελητής έκδοσης, http://id.loc.gov/vocabulary/relators/edt), Guo, Qunfeng (Επιμελητής έκδοσης, http://id.loc.gov/vocabulary/relators/edt)
Μορφή: Ηλεκτρονική πηγή Ηλ. βιβλίο
Γλώσσα:English
Έκδοση: Singapore : Springer Singapore : Imprint: Springer, 2018.
Έκδοση:1st ed. 2018.
Σειρά:Translational Medicine Research,
Θέματα:
Διαθέσιμο Online:Full Text via HEAL-Link
LEADER 02722nam a2200481 4500
001 978-981-10-7889-7
003 DE-He213
005 20190617193434.0
007 cr nn 008mamaa
008 180604s2018 si | s |||| 0|eng d
020 |a 9789811078897  |9 978-981-10-7889-7 
024 7 |a 10.1007/978-981-10-7889-7  |2 doi 
040 |d GrThAP 
050 4 |a RD701-811 
072 7 |a MNS  |2 bicssc 
072 7 |a MED065000  |2 bisacsh 
072 7 |a MNS  |2 thema 
082 0 4 |a 616.7  |2 23 
245 1 0 |a Atlantoaxial Fixation Techniques  |h [electronic resource] :  |b Commonly Used and New Techniques /  |c edited by Bin Ni, Xiang Guo, Qunfeng Guo. 
250 |a 1st ed. 2018. 
264 1 |a Singapore :  |b Springer Singapore :  |b Imprint: Springer,  |c 2018. 
300 |a VIII, 139 p. 57 illus., 49 illus. in color.  |b online resource. 
336 |a text  |b txt  |2 rdacontent 
337 |a computer  |b c  |2 rdamedia 
338 |a online resource  |b cr  |2 rdacarrier 
347 |a text file  |b PDF  |2 rda 
490 1 |a Translational Medicine Research,  |x 2451-991X 
505 0 |a Introduction -- The established posterior atlantoaxial fixation technique -- Development and related basic research of new posterior atlantoaxial fixation technique -- Set design, development and marketing of new posterior atlantoaxial fixation techniques -- Conclusion. 
520 |a This book introduces posterior atlantoaxial fixation techniques and their biomechanical stability and clinical outcomes. Based on the full review of established techniques, authors discusses their advantages and disadvantages. Furthermore, the author discusses how to use the basic theories of translational medicine to achieve the modification of the posterior atlantoaxial fixation. It also proposes the modification of integrative "screw and hooks" and "long screw tail". Readers can learn the basic techniques of posterior atlantoaxial fixation and the major requirements. 
650 0 |a Orthopedics. 
650 1 4 |a Orthopedics.  |0 http://scigraph.springernature.com/things/product-market-codes/H45000 
700 1 |a Ni, Bin.  |e editor.  |4 edt  |4 http://id.loc.gov/vocabulary/relators/edt 
700 1 |a Guo, Xiang.  |e editor.  |4 edt  |4 http://id.loc.gov/vocabulary/relators/edt 
700 1 |a Guo, Qunfeng.  |e editor.  |4 edt  |4 http://id.loc.gov/vocabulary/relators/edt 
710 2 |a SpringerLink (Online service) 
773 0 |t Springer eBooks 
776 0 8 |i Printed edition:  |z 9789811078880 
776 0 8 |i Printed edition:  |z 9789811078903 
776 0 8 |i Printed edition:  |z 9789811340185 
830 0 |a Translational Medicine Research,  |x 2451-991X 
856 4 0 |u https://doi.org/10.1007/978-981-10-7889-7  |z Full Text via HEAL-Link 
912 |a ZDB-2-SBL 
950 |a Biomedical and Life Sciences (Springer-11642)